Tax Reform in Latin America: A Review of Some Recent Experiences /

Uloženo v:
Podrobná bibliografie
Hlavní autor: Bird, Richard M.
Médium: Text
Témata:
Tagy: Přidat tag
Žádné tagy, Buďte první, kdo vytvoří štítek k tomuto záznamu!

MARC

LEADER 00000 a a2200000 04500
001 42936
003
040
100 |a Bird, Richard M.  
245 |a Tax Reform in Latin America:   |b A Review of Some Recent Experiences /  |c Richard M. Bird  
650 |a ECONOMIA  
650 |a IMPUESTOS  
650 |a ARGENTINA  
650 |a MEXICO  
650 |a COLOMBIA  
650 |a BOLIVIA  
650 |a REFORMA ECONOMICA  
773 |g volumen27, número1, 1992, páginas 7-36  
999 |c 26417  |d 26417